The complex Rock Tour Live

Se trata de un DVD en vivo de Blue Man Group sobre su álbum The Complex con imágenes de sus shows en Dallas. Contiene 3 videos musicales y material extra.

Guardado en:
Autor Principal: Blue Man Group.
Autor Corporativo: Warner Music Vision.
Otros Autores: Goldman, Matt; Fundador., Stanton, Phil; Fundador., Wink, Chris; Fundador., Allmandinger, Kalen; Blue Man., Banks, Matthew; Blue Man., Galassi, Tom ; Blue Man., Gebow, Eric; Blue Man.
Formato: Deslizar
Idioma:Undetermined
Publicado: Estados Unidos, Warner ; 2003.
Materias:
U2
Etiquetas: Agregar Etiqueta
Sin Etiquetas, Sea el primero en etiquetar este registro!
LEADER 01434ngm a22003135a 4500
001 CEM.cems019866
008 221116s2003####xx#---############vlund#d
005 20221116211359.0
245 1 0 |a The complex Rock Tour Live  |h [videograbación] /  |c Blue Man Group. 
260 |b Warner ;  |a Estados Unidos,  |c 2003. 
300 |a 90'. 
520 |a Se trata de un DVD en vivo de Blue Man Group sobre su álbum The Complex con imágenes de sus shows en Dallas. Contiene 3 videos musicales y material extra. 
505 0 |a 01. Above -- 02. Drumbone -- 03. Time to Start -- 04. Up To The Roof -- 05. Persona -- 06. Your Attention -- 07. Sing Along -- 08. Shadows Part 2 -- 09. The Current -- 10. The Complex -- 11. I Feel Love -- 12. Exhibit 13 -- 13. Baba O'Reilly -- 14. What Is Rock 
538 |a Soporte: DVD -- Formato: DVD -- Peso: 4.37 gb -- Resolución: 720 x 480 -- 29.97 fps 
590 |a Identificación anterior: M 12 
100 1 |a Blue Man Group. 
700 1 |a Goldman, Matt; Fundador. 
700 1 |a Stanton, Phil; Fundador. 
700 1 |a Wink, Chris; Fundador. 
710 2 |a Warner Music Vision. 
700 1 |a Allmandinger, Kalen; Blue Man. 
700 1 |a Banks, Matthew; Blue Man. 
700 1 |a Galassi, Tom ; Blue Man. 
700 1 |a Gebow, Eric; Blue Man. 
653 |a U2 
653 |a SHOW EN VIVO 
653 |a MÚSICA 
653 |a PERCUSIÓN 
859 |a CEMS  |b BIB. CEMS - Depto. Recursos Didacticos  |h 780  |i BLU  |k DRD  |p 2931.22  |t Ej.1